| 000 | 01326aam a2200289 a 4500 | ||
|---|---|---|---|
| 999 |
_c331001 _d331001 |
||
| 003 | BLK | ||
| 005 | 20250430165711.0 | ||
| 008 | 181011b bu ||||| |||| 00| 0 bu d | ||
| 020 | _a978-954-26-1897-3 | ||
| 040 | _aBLK | ||
| 041 |
_aBUL _cBUL |
||
| 080 |
_aАмериканска литература (на САЩ) _b821.111(73) _x-93-31 _z821.111(73)-93-31 |
||
| 100 |
_aЕмерсън, Маркъс _9390585 |
||
| 139 |
_aЕмерсън, Маркъс _bЕ 59 |
||
| 245 |
_aДневникът на един нинджа 5 : Шок и ужас в деня на талантите _c Маркъс Емерсън ; прев. от англ. Коста Сивов |
||
| 257 | _aUSA | ||
| 260 |
_bХермес _c2018 _aПловдив _9209439 _fСофия : Алианс Принт |
||
| 300 |
_a160 с. _c20 см _bс ил. |
||
| 380 | _aDX | ||
| 500 | _aОриг. загл.: Diary of a sixth grade ninja: Terror at the talent chow / Marcus Emerson. Маркъс Емерсън - псевд. на David Halvorson Кн. 5 от поредицата Дневникът на един нинджа | ||
| 700 |
_aСивов, Коста Атанасов _9383724 |
||
| 852 |
_bД _cДХ 820/899/Е 59 |
||
| 942 |
_cKNG _2udc _n0 _09 |
||
| 999 | _d325365 | ||
| 999 | _d325365 | ||
| 944 |
_k30537 _lГрета Цуфелде |
||